O som e a fúria (Registo nº 199)

Detalhes MARC
000 -Etiqueta do registo
Cabeçalho 00706nam0a2200253 4500
005 - Identificador da versão
Campo de controlo 20240813121757.0
010 ## - Número internacional normalizado dos livros (ISBN)
Número (ISBN) 848130557X
021 ## - Número do Depósito Legal
Código do país ES
Número B. 37479-2002
100 ## - Dados gerais de processamento
Dados gerais de processamento 20160318d2002 aaay1pory5001 ba
102 ## - Pais de publicação ou produção
País de publicação Portugal
101 1# - Língua de publicação
Língua do texto, banda sonora, etc. Português
Língua do documento no original Inglês
215 ## - Descrição física 
Indicação específica da natureza do documento e extensão da espécie 284, [1] p
200 1# - Titulo e menção de responsabilidade
Título próprio O som e a fúria
Primeira menção de responsabilidade William Faulkner
225 2# - Colecção 
Título próprio da colecção Mil folhas
Indicação de volume 23
210 ## - Publicação, Distribuição, etc. 
Lugar da edição, distribuição, etc. Porto
Nome do editor, distribuidor, etc. Porto ed.
Data da publicação, distribuição, etc. cop. 2002
300 ## - Notas gerais 
Texto da nota Plano Nacional de Leitura
606 ## - Nome comum usado como assunto
Número de registo de entrada de autoridade 0002097
Palavra de ordem Literatura americana
Subdivisão de assunto Romance
Código do sistema CA
675 ## - Classificação Decimal Universal (CDU)
Notação 821.111(73)-31
Edição 3ª ed.
Língua da edição por
700 #1 - Nome de autor-pessoa física (responsabilidade principal)
Número de registo de entrada de autoridade 0002821
Palavra de ordem Faulkner
Outra parte do nome não tomada para palavra de ordem William
Datas 1897-1962
966 ## - Identificação da Biblioteca
Sigla EB2,3ENM
942 ## - Elementos de entrada adicionados (Koha)
Tipo de item no Koha Livro
Exemplares
Situação do levantamento Origin of item (home branch) (coded) Biblioteca de empréstimo Código de barras Cota Circulation type (not for loan) Tipo de documento Nota do exemplar Damaged status
  Biblioteca Escolar Eng. Nuno Mergulhão Biblioteca Escolar Eng. Nuno Mergulhão BENM764 82LE-3 FAU PNL   Livro Sem mensagem